| 000 | 00503nam a2200169 a 4500 | ||
|---|---|---|---|
| 001 | 000036554 | ||
| 005 | 20200930075809.0 | ||
| 008 | 120120s1990 sp a 000 0 spa d | ||
| 020 | _a8420604631 | ||
| 040 |
_aDO-SdBNP _bspa _cBNPHU |
||
| 082 |
_axxxx _bxxxx |
||
| 100 | 1 |
_aGardner, Martin _962814 |
|
| 245 | 1 | 3 |
_aLa nueva era / _cMartin Gardner. |
| 260 |
_aMadrid, : _bAlianza, _c1990. |
||
| 300 |
_a396 p. : _bil. ; _c18 cm. |
||
| 504 | _aIncluye referencias bibliográficas y notas al pie de las páginas | ||
| 999 |
_c36045 _d36045 |
||